Pokémon de Type Vol - Statistiques

Statistiques générales
  • Ce quiz a été pris 158 fois
  • Le résultat moyen est 99 sur 126
Statistiques - réponses
Numéro Pokémon % Correct
006 Méga-Dracaufeu Y
96%
018 Méga-Roucarnage
96%
018 Roucarnage
96%
016 Roucool
96%
017 Roucoups
96%
144 Artikodin
94%
144 Artikodin de Galar
94%
006 Dracaufeu
94%
145 Électhor
94%
145 Électhor de Galar
94%
398 Étouraptor
94%
396 Étourmi
94%
012 Papilusion
94%
021 Piafabec
94%
022 Rapasdepic
94%
146 Sulfura
94%
146 Sulfura de Galar
94%
227 Airmure
93%
493 Arceus
93%
149 Dracolosse
93%
397 Étourvol
93%
142 Méga-Ptéra
91%
142 Ptéra
91%
123 Insécateur
90%
279 Békipan
88%
189 Cotovol
88%
278 Goélise
88%
277 Hélédelle
88%
250 Ho-Oh
88%
163 Hoothoot
88%
384 Méga-Rayquaza
88%
164 Noarfang
88%
384 Rayquaza
88%
641 Boréas
87%
085 Dodrio
87%
084 Doduo
87%
373 Drattak
87%
663 Flambusard
87%
249 Lugia
87%
373 Méga-Drattak
87%
479 Motisma
87%
276 Nirondelle
87%
042 Nosferalto
87%
041 Nosferapti
87%
169 Nostenfer
87%
267 Charmillon
85%
521 Déflaisan
85%
188 Floravol
85%
187 Granivol
85%
773 Silvallié
85%
823 Corvaillus
84%
165 Coxy
84%
166 Coxyclaque
84%
127 Méga-Scarabrute
84%
334 Altaria
82%
662 Braisillon
82%
645 Démétéros
82%
130 Léviator
82%
821 Minisange
82%
177 Natu
82%
741 Plumeline
82%
519 Poichigeon
82%
178 Xatu
82%
822 Bleuseille
81%
198 Cornèbre
81%
642 Fulguris
81%
207 Scorplane
81%
472 Scorvol
81%
468 Togekiss
81%
628 Gueriaigle
79%
628 Gueriaigle de Hisui
79%
581 Lakmécygne
79%
425 Baudrive
78%
225 Cadoizo
78%
083 Canarticho
78%
520 Colombeau
78%
580 Couaneton
78%
426 Grodrive
78%
492 Shaymin
78%
430 Corboss
76%
176 Togetic
76%
567 Aéroptéryx
75%
627 Furaiglon
75%
661 Passerouge
75%
566 Arkéapti
74%
701 Brutalibré
74%
587 Emolga
74%
414 Papilord
74%
630 Vaututrice
72%
940 Zapétrel
72%
629 Vostourno
71%
666 Prismillon
69%
416 Apireine
68%
415 Apitrini
68%
715 Bruyverne
68%
714 Sonistrelle
68%
333 Tylton
68%
733 Bazoucan
66%
561 Cryptéro
66%
941 Fulgulairo
66%
357 Tropius
66%
226 Démanta
65%
732 Piclairon
65%
193 Yanma
63%
469 Yanmega
63%
458 Babimanta
62%
731 Picassaut
62%
527 Chovsourir
60%
717 Yveltal
60%
797 Bamboiselle
59%
528 Rhinolove
59%
905 Amovénus
57%
722 Brindibou
57%
284 Maskadra
57%
291 Ninjask
57%
973 Flamenroule
56%
723 Efflèche
54%
962 Lestombaile
54%
845 Nigosier
54%
441 Pijako
54%
931 Tapatoès
47%
774 Météno
46%
993 Têtes-de-Fer
43%
Aucun quiz correspondant
Distribution des résultats
% des personnes avec chaque résultat
Percentile par nombre de réponses
Votre historique - résultats
Vous n’avez pas pris ce quiz